A sermon written and preach'd in 1750, occasioned by the death of the late Reverend Doctor John Pelling : ... by the late Reverend Dr. Church, ... but never before publish'd. By the Rev. William Scott, M.A. With an elegant copper-plate of the doctor, ...

Bibliographic Details
Main Author: Church, Thomas, 1707-1756
Other Authors: Scott, William, 1726-
Format: eBook
Language:English
Series:Eighteenth century collections online.
Online Access:Full text online

MARC

Tag First Indicator Second Indicator Subfields
LEADER 00000cam a2200000 4500
001 in00001973513
006 m | d |
007 cr |n||||||||n
008 800305s1778 enk|||| s 00||||eng d
005 20260407222206.3
035 |a (CStRLIN)ESTCT98156 
040 |a Uk-ES  |c Uk-ES  |d Cu-RivES  |d CStRLIN  |d Thomson Gale  |d UtOrBLW 
100 1 |a Church, Thomas,  |d 1707-1756. 
245 1 2 |a A sermon written and preach'd in 1750, occasioned by the death of the late Reverend Doctor John Pelling :  |b ... by the late Reverend Dr. Church, ... but never before publish'd. By the Rev. William Scott, M.A. With an elegant copper-plate of the doctor, ... 
264 3 |a London :  |b printed for J. Bew,  |c 1778. 
300 |a viii, 39, 1 unnumbered page, plate :  |b portrait ;  |c 8⁰. 
336 |a text  |b txt  |2 rdacontent 
337 |a computer  |b c  |2 rdamedia 
338 |a online resource  |b cr  |2 rdacarrier 
500 |a Reproduction of original from the British Library. 
510 4 |a English Short Title Catalog,  |c ESTCT98156. 
533 |a Electronic reproduction.  |b Farmington Hills, Mich. :  |c Thomson Gale,  |d 2003.  |n Available via the World Wide Web.  |n Access limited by licensing agreements  |7 s2003 miunns 
500 |a Electronic resource. 
700 1 |a Scott, William,  |d 1726- 
830 0 |a Eighteenth century collections online. 
856 4 0 |u http://proxy.library.tamu.edu/login?url=https://galenet.galegroup.com/servlet/ECCO?c=1&stp=Author&ste=11&af=BN&ae=T098156&tiPG=1&dd=0&dc=flc&docNum=CW121176528&vrsn=1.0&srchtp=a&d4=0.33&n=10&SU=0LRF&locID=txshracd2898  |z Full text online  |t 0 
999 |a MARS 
999 f f |s b2a58d15-04d1-3fef-9134-fee8269e71a8  |i 67d57539-0d85-3483-82c6-185398c72e51  |t 0 
952 f f |a Texas A&M University  |b College Station  |c Electronic Resources  |s www_evans  |d Available Online  |t 0  |h No information provided 
998 f f |t 0  |l Available Online